| 000 | 01512nam0a22003371 4500 | ||
|---|---|---|---|
| 001 | rc\2575368 | ||
| 005 | 20250623113955.0 | ||
| 035 | _a(NLR Aleph) 006740039 | ||
| 090 |
_a5634479 _c5634479 |
||
| 100 | _a20110914d1928 |||y0rusy50 ca | ||
| 101 | 0 | _arus | |
| 102 | _aRU | ||
| 105 | _aabc z ||||| | ||
| 200 | 1 |
_aНа Волге _eТретья книга для чтения и работы в сельской школе Нижнего Поволжья... _fБ. В. Зайковский, З. А. Кривоносова, Е. И. Перовский, И. Д. Сазонов |
|
| 210 |
_aМосква _aЛенинград _cГос. изд-во _d1928 _eМосква _g1-я Образцовая тип. |
||
| 215 |
_a408 с., 1 вклад. л. карт. _cил., портр. _d24х16 см. |
||
| 225 | 1 | _aУчебные пособия для школ I и II ступени | |
| 300 | _aПод ред. Е. И. Перовского | ||
| 300 | _aПеред загл.: Б. В. Зайковский, З. А. Кривоносова, Е. И. Перовский, И. Д. Сазонов | ||
| 300 | _aНа обл. дата: 1929 | ||
| 700 | 1 |
_aЗайковский _bБ.В. _f1878- _gБогдан Викторович |
|
| 702 | 1 |
_aПеровский _bЕ.И. _4570 |
|
| 702 | 1 |
_aСазонов _bИ.Д. _4570 |
|
| 702 | 1 |
_aКривоносов _bЗ.А. _4570 |
|
| 801 | 0 |
_aRU _bNLR _gpsbo |
|
| 801 | 1 |
_aRU _bELAR _2rusmarc |
|
| 852 |
_aNLR _j67/155 |
||
| 852 |
_aNLR _j115/241 |
||
| 942 | _cBOOK | ||
| 980 | _aNB | ||